| Tag |
First Indicator |
Second Indicator |
Subfields |
| LEADER |
00000pam a2200000 a 4500 |
| 001 |
in00000082850 |
| 005 |
20151008054240.0 |
| 008 |
810817s1981 dcua b 00110 eng |
| 010 |
|
|
|a 81607808
|
| 020 |
|
|
|a 0874744482
|
| 020 |
|
|
|a 0874744490 (pbk.)
|
| 035 |
|
|
|a (OCoLC)07737213
|
| 035 |
|
|
|9 AAJ0090AM
|
| 039 |
0 |
|
|a 2
|b 3
|c 3
|d 3
|e 3
|
| 040 |
|
|
|a DLC
|c DLC
|d TXA
|d UtOrBLW
|
| 043 |
|
|
|a n-us---
|
| 049 |
|
|
|a TXAM
|c [1442040]
|
| 050 |
0 |
0 |
|a CR113
|b .F93
|
| 082 |
0 |
|
|a 929.9/2/0973
|2 19
|
| 086 |
0 |
|
|a SI 1.2:H12
|
| 100 |
1 |
|
|a Furlong, William Rea,
|d 1881-1976.
|
| 245 |
1 |
0 |
|a So proudly we hail :
|b the history of the United States flag /
|c William Rea Furlong and Byron McCandless ; with the editorial assistance of Harold D. Langley.
|
| 264 |
|
1 |
|a Washington, D.C. :
|b Smithsonian Institution Press,
|c 1981.
|
| 300 |
|
|
|a 260 pages :
|b illustrations (some color) ;
|c 29 cm.
|
| 336 |
|
|
|a text
|b txt
|2 rdacontent
|
| 337 |
|
|
|a unmediated
|b n
|2 rdamedia
|
| 338 |
|
|
|a volume
|b nc
|2 rdacarrier
|
| 500 |
|
|
|a Includes index.
|
| 504 |
|
|
|a Bibliography: pages 242-253.
|
| 650 |
|
0 |
|a Flags
|z United States
|x History.
|
| 700 |
1 |
|
|a McCandless, Byron,
|d 1881-1967.
|
| 700 |
1 |
|
|a Langley, Harold D.
|
| 999 |
|
|
|a MARS
|
| 999 |
f |
f |
|s c7b7441b-a0e1-32a3-ae38-64b3f61b2141
|i 504a54de-78bf-30be-92bb-1a78754db1a4
|t 0
|
| 952 |
f |
f |
|p ric
|a Texas A&M University
|b Rellis Campus
|c Joint Library Facility
|d Remote Storage
|t 0
|e CR113 .F93
|h Library of Congress classification
|i unmediated -- volume
|m A14812176327
|
| 998 |
f |
f |
|a CR113 .F93
|t 0
|l Remote Storage
|